Néhány év múlva Szegeden is lehet májátültetés Ne vidd szerveidet az égbe!
Elmentve itt :
| Dokumentumtípus: | Cikk |
|---|---|
| Megjelent: |
2006-01-17
|
| Sorozat: | Délmagyarország
96 No. 14 Gyó |
| Kulcsszavak: | Szenohradszky Pál, Sebészeti Klinika |
| Online Access: | http://dmarchiv.bibl.u-szeged.hu/126422 |
| LEADER | 00488nab a2200145 i 4500 | ||
|---|---|---|---|
| 001 | delm126422 | ||
| 005 | 20191220133104.0 | ||
| 008 | 191220s2006 hu o 0|| hun d | ||
| 040 | |a SZTE Délmagyarország Archívum |b hun | ||
| 041 | |a hun | ||
| 245 | 0 | 0 | |a Néhány év múlva Szegeden is lehet májátültetés |h [elektronikus dokumentum] : |b Ne vidd szerveidet az égbe! |
| 260 | |c 2006-01-17 | ||
| 300 | |a 8 | ||
| 490 | 0 | |a Délmagyarország |v 96 No. 14 Gyó | |
| 695 | |a Szenohradszky Pál, Sebészeti Klinika | ||